000 00458 a2200157 4500
000 BKB
001 070524
005 20200902150838.0
008
082 _a338.9492
_bJ73E
100 1 _aJones, Erik
245 1 _aEconomics adjustment and political transformation
_cby Erik Jones
260 _aNew York
_bOxford University Press
_c2008
300 _a277p.
690 _aEconomics, Mathematical; Game theory
999 _c3965
_d3965